[Event "Chess24 Banter Final 2020"]
[Site "chess24.com INT"]
[Date "2020.09.23"]
[Round "1.7"]
[White "Vachier-Lagrave, Maxime"]
[Black "Oparin, Grigoriy"]
[Result "1-0"]
[WhiteTitle "GM"]
[BlackTitle "GM"]
[WhiteElo "2778"]
[BlackElo "2652"]
[WhiteFideId "623539"]
[BlackFideId "24125890"]
[EventDate "2020.09.21"]

1. Nf3 Nf6 2. g3 d5 3. Bg2 c5 4. O-O g6 5. b3 Bg7 6. Bb2 O-O 7. e3 b6 8. d4 cxd4
9. exd4 Bb7 10. Ne5 Nbd7 11. Nd2 Rc8 12. c4 e6 13. Re1 Re8 14. Rc1 Rc7 15. cxd5
Bxd5 16. Rxc7 Qxc7 17. Bxd5 Nxd5 18. Qf3 Nxe5 19. dxe5 Rc8 20. Nc4 Qd7 21. Rd1
h5 22. h4 b5 23. Ne3 Rd8 24. Nxd5 exd5 25. Bd4 a6 26. Rc1 Bh6 27. Qf6 Kh7 28.
Rc6 Bg7 29. Qxg7+ Kxg7 30. e6+ 1-0

[Event "Chess24 Banter Final 2020"]
[Site "chess24.com INT"]
[Date "2020.09.25"]
[Round "2.1"]
[White "Caruana, Fabiano"]
[Black "Le, Quang Liem"]
[Result "1/2-1/2"]
[WhiteTitle "GM"]
[BlackTitle "GM"]
[WhiteElo "2835"]
[BlackElo "2709"]
[WhiteFideId "2020009"]
[BlackFideId "12401137"]
[EventDate "2020.09.21"]

1. e4 c6 2. Nf3 d5 3. d3 dxe4 4. dxe4 Qxd1+ 5. Kxd1 Nf6 6. Nbd2 Nfd7 7. a4 e5 8.
Nc4 f6 9. Ne1 Nb6 10. a5 Nxc4 11. Bxc4 Nd7 12. c3 Nc5 13. f3 Be6 14. Bxe6 Nxe6
15. Kc2 Kf7 16. Nd3 Nc5 17. Nf2 Be7 18. Be3 b5 19. axb6 axb6 20. b4 Nd7 21. Nd3
Ke6 22. Kb3 Rhd8 23. Rhd1 g6 24. Nb2 b5 25. Nd3 f5 26. exf5+ gxf5 27. Ba7 Kf7
28. Re1 Bf6 29. g4 Nf8 30. Nc5 fxg4 31. fxg4 Ne6 32. Ne4 Nf4 33. Bb6 Rxa1 34.
Rxa1 Rd7 35. Bc5 Be7 36. Ra6 Bxc5 37. bxc5 Rc7 38. Ra8 Ke6 39. Rd8 h5 40. Rd6+
Ke7 41. gxh5 Nxh5 42. Rh6 Nf4 43. Nd6 Nd3 44. Rh7+ Kd8 45. Rh8+ Kd7 46. Ne4 Ke6
47. Kc2 Nf4 48. Rd8 Kf5 49. Nd6+ Kg4 50. Re8 Rh7 51. Rxe5 Rxh2+ 52. Kb3 Nd3 53.
Re4+ Kf3 54. Rd4 Nxc5+ 55. Kb4 Ne6 56. Rd1 Rb2+ 57. Ka5 Rc2 58. Kb4 Nc7 59. c4
bxc4 60. Kc5 Nd5 61. Kxc6 Ne3 62. Ra1 c3 63. Nb5 Rh2 64. Nxc3 Rc2 65. Ra3 Nd1
66. Kb5 Nxc3+ 67. Kc4 Ke4 68. Rxc3 Rxc3+ 69. Kxc3 1/2-1/2

[Event "Chess24 Banter Final 2020"]
[Site "chess24.com INT"]
[Date "2020.09.25"]
[Round "2.2"]
[White "Le, Quang Liem"]
[Black "Caruana, Fabiano"]
[Result "1/2-1/2"]
[WhiteTitle "GM"]
[BlackTitle "GM"]
[WhiteElo "2709"]
[BlackElo "2835"]
[WhiteFideId "12401137"]
[BlackFideId "2020009"]
[EventDate "2020.09.21"]

1. e4 e5 2. Nf3 Nc6 3. Bb5 a6 4. Ba4 Nf6 5. O-O Be7 6. d3 b5 7. Bb3 d6 8. a3 O-O
9. Nc3 Be6 10. Be3 Qd7 11. Nd5 h6 12. h3 Bd8 13. c4 bxc4 14. Nxf6+ Bxf6 15. Ba4
d5 16. exd5 Qxd5 17. dxc4 Qxd1 18. Rfxd1 Na5 19. b3 Rab8 20. Bc5 Rfd8 21. Rxd8+
Rxd8 22. Re1 Rd3 23. Re3 Rd1+ 24. Kh2 Rf1 25. Re1 Rxe1 26. Nxe1 Nb7 27. Ba7 Be7
28. Nd3 Bxa3 29. Nxe5 Bd6 30. f4 Nc5 31. Bxc5 Bxc5 32. Kg3 f6 33. Bd7 Bf7 34.
Nxf7 Kxf7 35. Kf3 a5 36. Ke4 Bb4 37. Ba4 g5 38. f5 c5 39. g4 Kg7 1/2-1/2

[Event "Chess24 Banter Final 2020"]
[Site "chess24.com INT"]
[Date "2020.09.25"]
[Round "2.3"]
[White "Caruana, Fabiano"]
[Black "Le, Quang Liem"]
[Result "0-1"]
[WhiteTitle "GM"]
[BlackTitle "GM"]
[WhiteElo "2835"]
[BlackElo "2709"]
[WhiteFideId "2020009"]
[BlackFideId "12401137"]
[EventDate "2020.09.21"]

1. e4 c6 2. Nf3 d5 3. d3 Qc7 4. exd5 cxd5 5. c4 Nf6 6. Nc3 e6 7. a3 Be7 8. Nb5
Qd8 9. Bf4 O-O 10. Be2 Nc6 11. O-O a6 12. Nbd4 Bd7 13. b4 Re8 14. Nb3 Bf8 15.
Bg5 h6 16. Bh4 Rc8 17. Re1 b6 18. Bf1 Ne7 19. Bxf6 gxf6 20. c5 bxc5 21. Nxc5 a5
22. d4 axb4 23. axb4 Rb8 24. Ra7 Bb5 25. Bxb5 Rxb5 26. Nh4 Rxb4 27. g3 Bg7 28.
Qh5 Rxd4 29. Rxe6 fxe6 30. Nxe6 Rxh4 31. Qxh4 Qb6 32. Qg4 Qb1+ 33. Kg2 Qe4+ 34.
Qxe4 dxe4 35. Nc7 Rf8 36. Ne6 Rf7 37. Ra8+ Kh7 38. Ra7 f5 39. Nd8 Rf8 40. Ne6
Re8 41. Nc7 Rc8 42. Ne6 Bf6 43. h3 Kg6 44. g4 fxg4 45. hxg4 Rc6 46. Nf4+ Kg5 47.
Nh5 Re6 48. Kh3 Ng6 49. Ra5+ Be5 50. Ng7 Nf4+ 51. Kg3 Nh5+ 0-1

[Event "Chess24 Banter Final 2020"]
[Site "chess24.com INT"]
[Date "2020.09.25"]
[Round "2.4"]
[White "Le, Quang Liem"]
[Black "Caruana, Fabiano"]
[Result "1/2-1/2"]
[WhiteTitle "GM"]
[BlackTitle "GM"]
[WhiteElo "2709"]
[BlackElo "2835"]
[WhiteFideId "12401137"]
[BlackFideId "2020009"]
[EventDate "2020.09.21"]

1. e4 e5 2. Nf3 Nc6 3. Bb5 a6 4. Ba4 Nf6 5. O-O Be7 6. d3 b5 7. Bb3 d6 8. a3 O-O
9. Nc3 Be6 10. Be3 Qd7 11. h3 h6 12. Rc1 Bd8 13. Re1 Re8 14. Nd5 Bxd5 15. exd5
Ne7 16. c4 Ng6 17. Bc2 Nh5 18. d4 e4 19. Nd2 Nf6 20. f3 exf3 21. Nxf3 Nh5 22. c5
Bf6 23. c6 Qd8 24. Qd3 Bh4 25. Bf2 Bxf2+ 26. Kxf2 Qf6 27. g3 Nf8 28. Re4 Re7 29.
Rxe7 Qxe7 30. Re1 Qf6 31. Qe3 Rc8 32. Kg2 Ng6 33. Re2 Kf8 34. Rf2 Re8 35. Qd2
Kg8 36. Ne5 Ngf4+ 37. gxf4 dxe5 38. fxe5 Qh4 39. Qe3 f6 40. Kh2 g5 41. Rg2 Nf4
42. Rg3 Nxd5 43. Qd3 Kf8 44. Rf3 Qe1 45. Qg6 Qe2+ 46. Kg3 Qe1+ 47. Kh2 Qe2+ 48.
Kg3 Qe1+ 49. Kh2 1/2-1/2

[Event "Chess24 Banter Final 2020"]
[Site "chess24.com INT"]
[Date "2020.09.25"]
[Round "2.5"]
[White "Caruana, Fabiano"]
[Black "Le, Quang Liem"]
[Result "1/2-1/2"]
[WhiteTitle "GM"]
[BlackTitle "GM"]
[WhiteElo "2835"]
[BlackElo "2709"]
[WhiteFideId "2020009"]
[BlackFideId "12401137"]
[EventDate "2020.09.21"]

1. e4 c6 2. Nf3 d5 3. d3 dxe4 4. dxe4 Qxd1+ 5. Kxd1 Nf6 6. Nbd2 Nfd7 7. Nc4 f6
8. a4 e5 9. a5 Bc5 10. Ke1 Na6 11. c3 b5 12. axb6 axb6 13. b4 Be7 14. Be3 b5 15.
Na5 Nc7 16. Rc1 c5 17. Nc6 c4 18. Nh4 Bf8 19. Na5 Na6 20. Rb1 Nac5 21. f3 Na4
22. Kd2 Ndb6 23. Kc2 g6 24. g4 Be6 25. Be2 Rg8 26. Rhd1 Rg7 27. Ng2 Rd7 28. f4
Rxd1 29. Rxd1 Rd8 30. Rxd8+ Kxd8 31. fxe5 fxe5 32. Nc6+ Kc7 33. Nxe5 Nd7 34. Nf4
Bg8 35. Nf3 Bd6 36. Nd4 Be5 37. Nxb5+ Kd8 38. Nd4 Kc7 39. h3 Nf6 40. Nfe6+ Kd6
41. Ng5 h6 42. Ngf3 Nxe4 43. Nb5+ Kc6 44. Na7+ Kd6 45. Nc8+ Kc7 46. Nxe5 Kxc8
47. Bd4 Nd6 48. h4 g5 49. hxg5 hxg5 50. Bf3 Kc7 51. Kd2 Nb5 52. Nc6 Nb2 53. Be5+
Kb6 54. Ne7 Nd3 55. Bf6 Be6 56. Bxg5 Ne5 57. Be3+ Ka6 58. Be2 Bxg4 59. Bf1 Nf3+
60. Kc2 Ne1+ 61. Kb2 Nd3+ 62. Bxd3 cxd3 63. c4 Nd6 64. Kc3 Be6 65. c5 Nf5 66.
Bd2 Nxe7 67. Kxd3 Kb5 68. Ke4 Nc6 69. Kf4 Kc4 70. Ke3 Bc8 71. Be1 Ba6 72. Bd2
Kb3 73. Be1 Bb5 74. Ke4 Bc4 75. Ke3 Kc2 76. Ke4 Kd1 77. Bc3 Ke2 78. Kf5 Kd3 79.
Be1 Nd4+ 80. Kf6 Bb5 81. Ke7 Nc2 82. Bg3 Nxb4 83. Bd6 Kc4 84. Ke6 Bc6 85. Ke5
Nd3+ 86. Kf5 Kd5 87. Bf8 Bd7+ 88. Kf6 Ne5 89. Bd6 Ng4+ 90. Ke7 Bf5 91. Kf7 Kc6
92. Ke7 Be4 93. Ke6 1/2-1/2

[Event "Chess24 Banter Final 2020"]
[Site "chess24.com INT"]
[Date "2020.09.25"]
[Round "2.6"]
[White "Le, Quang Liem"]
[Black "Caruana, Fabiano"]
[Result "1/2-1/2"]
[WhiteTitle "GM"]
[BlackTitle "GM"]
[WhiteElo "2709"]
[BlackElo "2835"]
[WhiteFideId "12401137"]
[BlackFideId "2020009"]
[EventDate "2020.09.21"]

1. e4 e5 2. Nf3 Nc6 3. Bb5 a6 4. Ba4 Nf6 5. O-O Be7 6. d3 b5 7. Bb3 d6 8. a3 O-O
9. Nc3 Be6 10. Be3 Qd7 11. h3 h6 12. Re1 Bd8 13. Rc1 Re8 14. Nd5 Bxd5 15. exd5
Ne7 16. c4 Rb8 17. Bc2 Ng6 18. b4 Qf5 19. Nd2 Nf4 20. Qf3 Qh5 21. Bxf4 Qxf3 22.
Nxf3 exf4 23. Nd4 Rxe1+ 24. Rxe1 Kf8 25. Nc6 Ra8 26. a4 bxa4 27. Bxa4 Ng8 28.
Kf1 Bf6 29. d4 Ne7 30. Ke2 Nxc6 31. Bxc6 Rb8 32. Kd3 g5 33. Kc3 h5 34. f3 Kg7
35. Ra1 Rb6 36. Bd7 Kg6 37. c5 dxc5 38. bxc5 Rb8 39. Rxa6 Rb1 40. Ba4 Kg7 41.
Rc6 Rc1+ 42. Kd3 Ra1 43. Bb3 Rg1 44. Rxc7 Rxg2 45. d6 g4 46. Rxf7+ Kg6 47. c6
gxh3 48. c7 h2 49. c8=Q h1=Q 50. Qg8+ Kf5 51. Qc8+ Kg5 52. Rxf6 Qf1+ 53. Ke4
Re2+ 54. Kd5 Qxf3+ 55. Kc5 Qc3+ 56. Bc4 Qa5+ 57. Kc6 Qa4+ 58. Kd5 Qa5+ 59. Kc6
Qa4+ 60. Kc5 Qa5+ 61. Kc6 1/2-1/2

[Event "Chess24 Banter Final 2020"]
[Site "chess24.com INT"]
[Date "2020.09.25"]
[Round "2.7"]
[White "Caruana, Fabiano"]
[Black "Le, Quang Liem"]
[Result "1-0"]
[WhiteTitle "GM"]
[BlackTitle "GM"]
[WhiteElo "2835"]
[BlackElo "2709"]
[WhiteFideId "2020009"]
[BlackFideId "12401137"]
[EventDate "2020.09.21"]

1. e4 c6 2. Nf3 d5 3. d3 dxe4 4. dxe4 Qxd1+ 5. Kxd1 Nf6 6. Nbd2 Nfd7 7. a4 e5 8.
Nb3 a5 9. Be3 b6 10. Nfd2 Ba6 11. Nc4 Bxc4 12. Bxc4 Na6 13. c3 Nac5 14. f3 Nxb3
15. Bxb3 Bc5 16. Bd2 Ke7 17. Kc2 Rhd8 18. h4 h5 19. Bc4 Nf8 20. Rhf1 Rd7 21.
Rae1 Ne6 22. g3 f6 23. f4 Bd6 24. Re2 Nc5 25. b3 Rb8 26. Rg1 b5 27. axb5 cxb5
28. Bd5 Rc7 29. f5 b4 30. g4 bxc3 31. Bxc3 a4 32. gxh5 axb3+ 33. Kb1 Na4 34.
Rxg7+ Kf8 35. Rxc7 Bxc7 36. Bd2 Kg7 37. Rg2+ Kh8 38. Rg6 Bd6 39. Rxf6 Bb4 40.
Rh6+ Kg7 41. f6+ 1-0

[Event "Chess24 Banter Final 2020"]
[Site "chess24.com INT"]
[Date "2020.09.25"]
[Round "2.8"]
[White "Le, Quang Liem"]
[Black "Caruana, Fabiano"]
[Result "1-0"]
[WhiteTitle "GM"]
[BlackTitle "GM"]
[WhiteElo "2709"]
[BlackElo "2835"]
[WhiteFideId "12401137"]
[BlackFideId "2020009"]
[EventDate "2020.09.21"]

1. e4 e5 2. Nf3 Nc6 3. Bb5 Nf6 4. d3 Bc5 5. Bxc6 dxc6 6. Nbd2 Be6 7. Nb3 Bb6 8.
O-O Qe7 9. Qe1 Nd7 10. Na5 O-O-O 11. Be3 f6 12. b4 h5 13. a4 Kb8 14. b5 Bxa5 15.
Qxa5 c5 16. Qc3 g5 17. a5 h4 18. Nd2 g4 19. f4 gxf3 20. Rxf3 Rdg8 21. Nb3 Bxb3
22. Qxb3 Qd6 23. Raf1 Rg7 24. a6 b6 25. R1f2 c6 26. h3 cxb5 27. Qxb5 Kc7 28. Kh2
Rhg8 29. Bd2 Qe6 30. Qb1 Rg6 31. Rf5 Rh8 32. c3 Qd6 33. Be3 Rg3 34. R5f3 Rhg8
35. Kh1 R3g7 36. d4 cxd4 37. cxd4 Kb8 38. dxe5 fxe5 39. Qf1 Qe6 40. Bc1 Rc8 41.
Bb2 Nc5 42. Rf6 Qe7 43. R2f5 Nd7 44. Rf7 Rxf7 45. Rxf7 Qd6 46. Qf5 Rd8 47. Kh2
Ka8 48. Qg5 Rc8 49. Qxh4 Nc5 50. Qg5 Qc6 51. Qxe5 Nxa6 52. h4 Nc5 53. Qe7 Nb7
54. h5 Rg8 55. Rg7 Rc8 56. Be5 Qxe4 57. Bg3 Qd5 58. h6 Qh5+ 59. Qh4 Qxh4+ 60.
Bxh4 Nd6 61. h7 1-0

[Event "Chess24 Banter Final 2020"]
[Site "chess24.com INT"]
[Date "2020.09.25"]
[Round "2.9"]
[White "Caruana, Fabiano"]
[Black "Le, Quang Liem"]
[Result "0-1"]
[WhiteTitle "GM"]
[BlackTitle "GM"]
[WhiteElo "2835"]
[BlackElo "2709"]
[WhiteFideId "2020009"]
[BlackFideId "12401137"]
[EventDate "2020.09.21"]

1. e4 e5 2. Nf3 Nc6 3. Bb5 Nf6 4. O-O Nxe4 5. Re1 Nd6 6. Nxe5 Be7 7. Bf1 Nf5 8.
Bd3 d5 9. Nxc6 bxc6 10. c3 O-O 11. Bc2 Bd6 12. d4 Qh4 13. h3 Bd7 14. Nd2 Rae8
15. Nf3 Rxe1+ 16. Qxe1 Qd8 17. Bg5 f6 18. Bd2 Ne7 19. Qf1 Qc8 20. Re1 c5 21.
dxc5 Bxc5 22. Bf4 Ng6 23. Bg3 Re8 24. Rd1 c6 25. c4 Be6 26. Bb3 dxc4 27. Bxc4
Nf8 28. Ba6 Qa8 29. b3 Bd5 30. Qd3 Ne6 31. Qf5 Bb6 32. Bc4 Bxc4 33. bxc4 Qc8 34.
h4 Nc5 35. Qxc8 Rxc8 36. Re1 Kf7 37. h5 Re8 38. Rxe8 Kxe8 39. Nd2 Kd7 40. Kf1
Nd3 41. Nb3 Bc7 42. Bxc7 Kxc7 43. g3 Kd6 44. Ke2 Ne5 45. Nd4 g6 46. hxg6 hxg6
47. f4 Nxc4 48. Kd3 Nb6 49. g4 Kd5 50. Ne2 Na4 51. Ke3 c5 52. Ng3 Nc3 53. a3 c4
54. f5 g5 55. Nh5 Ke5 56. Ng7 Nd5+ 57. Kf3 c3 58. Ke2 Kf4 59. Kd3 Kxg4 0-1

[Event "Chess24 Banter Final 2020"]
[Site "chess24.com INT"]
[Date "2020.09.24"]
[Round "2.1"]
[White "Vachier-Lagrave, Maxime"]
[Black "So, Wesley"]
[Result "1/2-1/2"]
[WhiteTitle "GM"]
[BlackTitle "GM"]
[WhiteElo "2778"]
[BlackElo "2770"]
[WhiteFideId "623539"]
[BlackFideId "5202213"]
[EventDate "2020.09.21"]

1. Nf3 d5 2. g3 Nf6 3. Bg2 e6 4. O-O Be7 5. d3 O-O 6. Nbd2 c5 7. e4 Nc6 8. Re1
b5 9. e5 Nd7 10. Nf1 a5 11. h4 Qc7 12. Bf4 b4 13. Ne3 Bb7 14. c3 Rfc8 15. Nxd5
exd5 16. e6 Qd8 17. exf7+ Kh8 18. Ng5 Nf6 19. Ne6 Qd7 20. Bh3 Rf8 21. Ng5 Qd8
22. Ne6 Qd7 23. Ng5 Qd8 24. Ne6 Qd7 1/2-1/2

[Event "Chess24 Banter Final 2020"]
[Site "chess24.com INT"]
[Date "2020.09.24"]
[Round "2.2"]
[White "So, Wesley"]
[Black "Vachier-Lagrave, Maxime"]
[Result "1/2-1/2"]
[WhiteTitle "GM"]
[BlackTitle "GM"]
[WhiteElo "2770"]
[BlackElo "2778"]
[WhiteFideId "5202213"]
[BlackFideId "623539"]
[EventDate "2020.09.21"]

1. e4 c6 2. d4 d5 3. e5 Bf5 4. Nd2 e6 5. Nb3 Nd7 6. Nf3 Ne7 7. Be2 h6 8. O-O g5
9. Ne1 Bg7 10. c3 c5 11. f4 c4 12. Nd2 Qc7 13. Bh5 gxf4 14. Rxf4 Rf8 15. Nf1
O-O-O 16. Ng3 f6 17. Nxf5 Nxf5 18. Rxf5 exf5 19. e6 Nb6 20. Qf3 Qe7 21. Qxf5 Kb8
22. Nf3 Rfe8 23. Bf4+ Ka8 24. Re1 Rg8 25. Nh4 Bf8 26. Ng6 Qg7 27. e7 Re8 28.
exf8=Q Rgxf8 29. Nxf8 Rxe1+ 30. Kf2 Qe7 31. Ng6 Qe6 32. Qxe6 Rxe6 33. Bg4 f5 34.
Bxf5 Rf6 35. g4 Na4 36. Bxh6 Nxb2 37. h4 Nd1+ 38. Kf3 Nxc3 39. h5 Ne4 40. Ke3
Ng3 41. Bc2 Nf1+ 42. Ke2 Ng3+ 43. Kd2 Rf2+ 44. Kd1 Rf1+ 45. Kd2 Rf2+ 46. Kc1
Ne2+ 47. Kb1 Nxd4 48. Be3 Rf1+ 49. Kb2 Ne2 50. h6 d4 51. h7 Rh1 52. h8=Q+ Rxh8
53. Nxh8 dxe3 54. g5 Nd4 55. Bd1 e2 56. Bxe2 Nxe2 57. g6 c3+ 58. Kb3 Nd4+ 59.
Kxc3 Nf5 60. Nf7 Kb8 61. Kd3 Kc7 62. Ke4 Ng7 63. Ke5 b5 64. Nd6 b4 65. Nf5 Nh5
66. Kd4 Kb6 67. Kc4 Ka5 68. Kb3 Kb5 69. g7 Nxg7 70. Nxg7 a5 71. Nf5 a4+ 72. Kb2
Kc4 73. Ne3+ Kd3 74. Nc2 Kc4 75. Ne1 Kd4 76. Nf3+ Ke4 77. Ng5+ Kd5 78. Nf7 Ke6
79. Nh6 Ke5 80. Ng4+ Kf5 81. Ne3+ Ke4 82. Nd1 Kd4 83. Kc1 Kc4 84. Nb2+ Kb5 85.
Kb1 Ka5 86. Nd3 Kb5 87. Kc1 Kc4 88. Nb2+ Kb5 89. Kb1 Ka5 90. Nd3 Kb5 91. Ne5 Kc5
92. Kb2 Kd5 93. Nd7 Kc6 94. Nf6 Kc5 95. Ng4 Kd4 96. Nf2 Ke3 97. Nh3 Kd4 98. Kc1
Kc3 99. Nf2 Kd4 100. Nd1 Kc4 101. Kd2 Kd4 102. Nb2 a3 103. Nd1 b3 104. axb3 a2
105. Ne3 a1=N 106. b4 Nb3+ 107. Kc2 Nc5 108. bxc5 Kxc5 1/2-1/2

[Event "Chess24 Banter Final 2020"]
[Site "chess24.com INT"]
[Date "2020.09.24"]
[Round "2.3"]
[White "Vachier-Lagrave, Maxime"]
[Black "So, Wesley"]
[Result "1/2-1/2"]
[WhiteTitle "GM"]
[BlackTitle "GM"]
[WhiteElo "2778"]
[BlackElo "2770"]
[WhiteFideId "623539"]
[BlackFideId "5202213"]
[EventDate "2020.09.21"]

1. Nf3 d5 2. g3 Nf6 3. Bg2 c6 4. O-O Bg4 5. h3 Bh5 6. d4 e6 7. c4 Be7 8. Nc3 O-O
9. Qb3 Qb6 10. c5 Qxb3 11. axb3 Nbd7 12. b4 a6 13. Bf4 Rfe8 14. Nd2 Rac8 15. g4
Bg6 16. Bg3 Bd8 17. f4 h5 18. g5 Nh7 19. e4 dxe4 20. Ncxe4 Bc7 21. h4 Bxe4 22.
Bxe4 Nhf8 23. Bf3 Ng6 24. Bxh5 Ne7 25. Bg4 Nf8 26. Nc4 Nf5 27. Bxf5 exf5 28.
Rad1 Rcd8 29. Ne5 Ne6 30. Nf3 Nxf4 31. Bxf4 Bxf4 32. Rfe1 Re4 33. Kf2 Rde8 34.
Rxe4 Rxe4 35. h5 Be3+ 36. Kf1 g6 37. h6 f6 38. gxf6 Bxh6 39. d5 cxd5 40. Rxd5
Kf7 41. Rd7+ Kxf6 42. Rxb7 Bf4 43. Rb6+ Kf7 44. Rb7+ Re7 45. Rb6 Re4 46. Rb7+
Kf6 47. Rb6+ Kf7 1/2-1/2

[Event "Chess24 Banter Final 2020"]
[Site "chess24.com INT"]
[Date "2020.09.24"]
[Round "2.4"]
[White "So, Wesley"]
[Black "Vachier-Lagrave, Maxime"]
[Result "1/2-1/2"]
[WhiteTitle "GM"]
[BlackTitle "GM"]
[WhiteElo "2770"]
[BlackElo "2778"]
[WhiteFideId "5202213"]
[BlackFideId "623539"]
[EventDate "2020.09.21"]

1. e4 d5 2. exd5 Qxd5 3. Nc3 Qd6 4. d4 Nf6 5. Nf3 a6 6. g3 Bg4 7. Bg2 e6 8. O-O
Be7 9. h3 Bxf3 10. Qxf3 c6 11. Ne2 Nbd7 12. Qb3 Qb4 13. c3 Qb5 14. Re1 O-O 15.
Nf4 Bd6 16. Bf1 Qxb3 17. axb3 e5 18. dxe5 Nxe5 19. Kg2 Rfe8 20. Be3 Bc7 21. b4
Ned7 22. Rad1 Bb6 23. Bc1 Rxe1 24. Rxe1 Re8 25. Rxe8+ Nxe8 26. Nd3 Kf8 27. h4 h6
28. Kf3 Ke7 29. Bh3 Nd6 30. Ke2 Nf8 31. Bf4 Ne6 32. Be5 Nc4 33. Bb8 Nd6 34. Ne5
Bc7 35. Bxe6 Bxb8 36. Bb3 Bc7 37. Nd3 Bb6 38. Ne5 Bc7 39. Nc4 Nxc4 40. Bxc4 1/2-1/2

[Event "Chess24 Banter Final 2020"]
[Site "chess24.com INT"]
[Date "2020.09.24"]
[Round "2.5"]
[White "Vachier-Lagrave, Maxime"]
[Black "So, Wesley"]
[Result "1-0"]
[WhiteTitle "GM"]
[BlackTitle "GM"]
[WhiteElo "2778"]
[BlackElo "2770"]
[WhiteFideId "623539"]
[BlackFideId "5202213"]
[EventDate "2020.09.21"]

1. e4 e5 2. Nf3 Nc6 3. c3 d5 4. exd5 Qxd5 5. d3 Bf5 6. Nh4 Be6 7. Be2 O-O-O 8.
O-O e4 9. Qa4 exd3 10. Bf3 Qc4 11. Qxc4 Bxc4 12. Re1 Be6 13. Nd2 Nge7 14. Be4 g5
15. Nhf3 g4 16. Ng5 Bd5 17. Bxd3 Bh6 18. Nf1 f6 19. Ne4 Bxc1 20. Raxc1 f5 21.
Nc5 Bxa2 22. Ra1 Bd5 23. Ne3 f4 24. Nf5 Ng6 25. b4 b6 26. Ba6+ Kb8 27. Ne6 Rde8
28. Ned4 Nxd4 29. Nxd4 Nh4 30. Bf1 Kb7 31. c4 Be4 32. c5 Kb8 33. Nb5 Bc6 34.
Nxa7 Bd7 35. Red1 Re7 36. Rxd7 Rxd7 37. Nc6+ Kb7 38. Ne5 Rd2 39. Ba6+ Ka8 40.
Bb5+ Kb8 41. Bc6 1-0

[Event "Chess24 Banter Final 2020"]
[Site "chess24.com INT"]
[Date "2020.09.24"]
[Round "2.6"]
[White "So, Wesley"]
[Black "Vachier-Lagrave, Maxime"]
[Result "0-1"]
[WhiteTitle "GM"]
[BlackTitle "GM"]
[WhiteElo "2770"]
[BlackElo "2778"]
[WhiteFideId "5202213"]
[BlackFideId "623539"]
[EventDate "2020.09.21"]

1. e4 e5 2. Nf3 Nc6 3. Bb5 Nf6 4. d3 d6 5. O-O Bd7 6. Re1 g6 7. d4 Nxd4 8. Nxd4
exd4 9. Bxd7+ Nxd7 10. Qxd4 Qf6 11. Qa4 c6 12. Nc3 Be7 13. Be3 O-O 14. Rad1 Qe6
15. Qd4 Rfd8 16. Bh6 Qe5 17. Qd2 Nc5 18. Be3 Ne6 19. f4 Qh5 20. f5 gxf5 21. exf5
Qxf5 22. Rf1 Qg6 23. Rf3 Kh8 24. Rdf1 f6 25. Rg3 Qf7 26. Ne4 d5 27. Nxf6 Bxf6
28. Rgf3 Rf8 29. Rxf6 Qxf6 30. Rxf6 Rxf6 31. Qc3 Rf8 32. Bxa7 Kg8 33. h3 Nf4 34.
Kh2 Rg6 35. g4 Rh6 36. Qb4 Rxh3+ 37. Kg1 Rg3+ 38. Kh2 Rg2+ 39. Kh1 Rf6 0-1

[Event "Chess24 Banter Final 2020"]
[Site "chess24.com INT"]
[Date "2020.09.24"]
[Round "2.7"]
[White "Vachier-Lagrave, Maxime"]
[Black "So, Wesley"]
[Result "0-1"]
[WhiteTitle "GM"]
[BlackTitle "GM"]
[WhiteElo "2778"]
[BlackElo "2770"]
[WhiteFideId "623539"]
[BlackFideId "5202213"]
[EventDate "2020.09.21"]

1. Nf3 d5 2. d4 Nf6 3. c4 e6 4. Nc3 Be7 5. Bf4 O-O 6. e3 Nbd7 7. Be2 dxc4 8. O-O
Nd5 9. Bxc4 Nxf4 10. exf4 a6 11. Re1 b5 12. Bd3 Nf6 13. a4 bxa4 14. Rxa4 Bb7 15.
Ne5 g6 16. Qe2 a5 17. Bc4 Bb4 18. Rd1 Qd6 19. Raa1 Rad8 20. Rac1 Qb6 21. Na4 Qa7
22. Qe3 Rd6 23. Nc3 c6 24. h4 Rfd8 25. Rd3 Ba6 26. Bxa6 Qxa6 27. Ne4 Nxe4 28.
Qxe4 c5 29. Rcd1 cxd4 30. h5 Qa8 31. Qxa8 Rxa8 32. Rxd4 Rxd4 33. Rxd4 gxh5 34.
Rd7 f6 35. Nc6 Rc8 36. Ne7+ Bxe7 37. Rxe7 Rc6 38. g3 Rb6 39. Ra7 h4 40. gxh4
Rxb2 41. Rxa5 Rb4 42. f5 e5 43. Ra8+ Kg7 44. Ra7+ Kg8 45. Ra8+ Kg7 46. Ra7+ Kh6
47. Rf7 Rxh4 48. Rxf6+ Kg5 49. Rf8 h5 50. f3 Rf4 51. Kg2 Rxf5 52. Ra8 Rf4 53.
Rg8+ Kh4 54. Re8 Rf5 55. Kf2 Kh3 56. Re6 h4 57. Re8 Kh2 58. Re7 h3 59. Re8 Rg5
60. Re7 Rg2+ 61. Ke3 Kg1 62. Rxe5 h2 63. Rh5 h1=Q 64. Rxh1+ Kxh1 65. f4 Kh2 66.
f5 Kg3 67. Ke4 Rf2 0-1

[Event "Chess24 Banter Final 2020"]
[Site "chess24.com INT"]
[Date "2020.09.24"]
[Round "2.8"]
[White "So, Wesley"]
[Black "Vachier-Lagrave, Maxime"]
[Result "1-0"]
[WhiteTitle "GM"]
[BlackTitle "GM"]
[WhiteElo "2770"]
[BlackElo "2778"]
[WhiteFideId "5202213"]
[BlackFideId "623539"]
[EventDate "2020.09.21"]

1. e4 e5 2. Nf3 Nc6 3. Bb5 Nf6 4. d3 d6 5. O-O Bd7 6. Re1 Be7 7. c3 O-O 8. h3
Re8 9. Nbd2 Bf8 10. Nf1 g6 11. a4 Bg7 12. Ng3 d5 13. Bg5 dxe4 14. Nxe4 a6 15.
Bc4 Be6 16. Bxe6 Rxe6 17. Nc5 Re8 18. Nxb7 Qb8 19. Qb3 Nd7 20. Be3 h6 21. Re2
Bf8 22. Nd2 Re6 23. Nc4 a5 24. Qb5 Qc8 25. Nbxa5 Nxa5 26. Nxa5 c6 27. Qb7 Qxb7
28. Nxb7 c5 29. b4 cxb4 30. cxb4 Bxb4 31. a5 Rea6 32. Ra4 Be7 33. Rc2 Kf8 34.
Bxh6+ Ke8 35. Be3 Rb8 36. Rb2 Rc8 37. Rc4 Rxc4 38. dxc4 Nf8 39. Nc5 Bxc5 40.
Rb8+ Kd7 41. Bxc5 Ne6 42. Bb6 1-0

[Event "Chess24 Banter Final 2020"]
[Site "chess24.com INT"]
[Date "2020.09.24"]
[Round "2.9"]
[White "Vachier-Lagrave, Maxime"]
[Black "So, Wesley"]
[Result "0-1"]
[WhiteTitle "GM"]
[BlackTitle "GM"]
[WhiteElo "2778"]
[BlackElo "2770"]
[WhiteFideId "623539"]
[BlackFideId "5202213"]
[EventDate "2020.09.21"]

1. e4 e5 2. Nf3 Nc6 3. Bc4 Bc5 4. c3 Nf6 5. d3 O-O 6. O-O d6 7. Nbd2 a6 8. a4 a5
9. Re1 h6 10. Nf1 Ne7 11. h3 Ng6 12. Ng3 c6 13. d4 exd4 14. cxd4 Bb4 15. Bd2
Bxd2 16. Qxd2 d5 17. exd5 Nxd5 18. Ne5 Ngf4 19. Ra3 Qg5 20. Nf3 Qg6 21. Kh2 Be6
22. Bf1 Qf6 23. Ne5 Qe7 24. Rf3 Qb4 25. Qc1 Rfe8 26. Bc4 Ng6 27. Nxg6 fxg6 28.
b3 Nc7 29. Ne4 Bxc4 30. bxc4 Ne6 31. d5 cxd5 32. Nd2 Ng5 33. Rxe8+ Rxe8 34. Rb3
Qd6+ 35. Kg1 dxc4 36. Qxc4+ Kh7 37. Nf1 Re4 38. Qb5 b6 39. Ne3 Rb4 40. Rxb4 axb4
41. Nd5 Ne4 42. Nxb4 Nc3 43. Qc4 Qd1+ 44. Kh2 Ne2 45. h4 h5 0-1

[Event "Chess24 Banter Final 2020"]
[Site "chess24.com INT"]
[Date "2020.09.24"]
[Round "2.10"]
[White "So, Wesley"]
[Black "Vachier-Lagrave, Maxime"]
[Result "1-0"]
[WhiteTitle "GM"]
[BlackTitle "GM"]
[WhiteElo "2770"]
[BlackElo "2778"]
[WhiteFideId "5202213"]
[BlackFideId "623539"]
[EventDate "2020.09.21"]

1. e4 c5 2. Nf3 d6 3. d4 cxd4 4. Nxd4 Nf6 5. f3 e6 6. Be3 Be7 7. c4 O-O 8. Nc3
Nc6 9. Qc2 d5 10. exd5 exd5 11. O-O-O Nb4 12. Qd2 Re8 13. a3 a5 14. Kb1 Bc5 15.
g4 Bd7 16. Bf2 Qb6 17. h4 Bc6 18. h5 Nd7 19. cxd5 Nxd5 20. Bc4 Nxc3+ 21. Qxc3
Ne5 22. h6 Nxc4 23. Qxc4 Bxa3 24. Qc3 Bf8 25. Nf5 Qxf2 26. hxg7 f6 27. Qc4+ 1-0